| 000 | 00762nam a22001817a 4500 | ||
|---|---|---|---|
| 999 |
_c61146 _d61146 |
||
| 005 | 20231225134004.0 | ||
| 008 | 231225s1961 ru ||||| |||| 00| 0 rus d | ||
| 041 | _arus | ||
| 080 | _a91 Д-49 | ||
| 100 |
_aДитмар, А.Б. _920864 |
||
| 245 |
_aОт Скифии до Элефантины : _bЖизнь и путешествия Геродота / _cА.Б. Дитмар. |
||
| 264 |
_aМосква : _bГосударственное издательство географической литературы, _c1961. |
||
| 300 |
_a88 с.: _bил.; _c20 см. |
||
| 653 | _aსკვითიდან ელეფანტინამდე | ||
| 653 | _aისტორია | ||
| 653 | _aარქეოლოგია | ||
| 942 |
_2udc _cᲬᲘᲒᲜᲘ |
||